000 00634cab a22002175a 4500
001 L156622
008 120614e20120601xxk 000 0 eng d
035 _a(Sirsi) u156622
041 0 _aeng
100 1 _aJones, Andrew
245 0 0 _aAgree how to disagree
260 _c2012
490 _aBuilding
_v277 (8731) 8 June 2012, 44(1)
520 _aDiscusses the importance of considering the dispute resolution clause when finalising a construction contract.
590 _aKA
651 4 _aUnited Kingdom
690 _aContracts
_96232
690 _aDispute resolution
_96236
690 _aProject management
_96261
942 _n0
999 _c84096
_d84096